100 perso The 100 - Statistiques

Statistiques générales
  • Ce quiz a été pris 929 fois
  • Le résultat moyen est 32 sur 100
Statistiques - réponses
personnage % Correct
2 Bellamy Blake
98%
3 Octavia Blake
97%
1 Clarke Griffin
95%
13 Lexa
91%
5 Raven Reyes
91%
10 Abigail Griffin
87%
7 Jasper Jordan
87%
8 John Murphy
87%
6 Monty Green
85%
9 Lincoln
84%
4 Finn Collins
83%
11 Marcus Kane
81%
12 Thelonious Jaha
81%
19 Echo
73%
14 Indra
72%
20 Emori
71%
18 Harper McIntyre
71%
23 Madi Griffin
68%
17 Nathan Miller
62%
68 Roan
60%
16 Wells Jaha
60%
30 Maya Vie
58%
41 Joséphine Lightbourne
52%
50 Gaïa
51%
25 Hope Diyoza
50%
22 Luna
50%
55 Jordan Green
48%
38 A.L.I.E.
47%
34 Eric Jackson
47%
15 Anya
46%
85 Charlotte
46%
24 Charmaine Diyoza
45%
45 Gabriel Santiago
43%
32 Charles Pike
41%
76 Ontari
41%
43 Russell Lightbourne
41%
69 Titus
41%
39 Becca Franco
36%
62 Jake Griffin
30%
52 Miles Shaw
30%
86 Atom
29%
21 Niylah
28%
27 Cage Wallace
27%
59 Ilian
26%
31 Jacopo Sinclair
26%
56 Paxton McCreary
26%
26 Dante Wallace
22%
89 Kyle Wick
22%
67 Nia
21%
84 Zoé Monroe
21%
63 Aurora Blacke
20%
29 Carl Emerson
19%
70 Nyko
19%
100 SheidHeda
19%
83 Fox
18%
65 Bryan
17%
93 Aden
16%
82 Gustus
15%
33 Callie Cartwig
13%
47 Blythe Ann Workman
12%
61 Hannah Green
12%
42 Simone Lightbourne
12%
60 David Miller
10%
96 Ethan Hardy
10%
28 Lorelei Tsing
10%
46 Delilah Workman
9%
73 Gina Martins
9%
53 Kara Cooper
9%
99 Costia
8%
36 Dyana Sydney
8%
81 Tristan
8%
98 Vincent Vie
8%
37 Commandant Shumway
7%
44 Jade
7%
54 Michael Vinson
7%
57 Riley
7%
48 Ryker Desai
6%
88 Sterling
6%
79 Dax
5%
35 Major Byrne
5%
49 Priya Desai
5%
72 Chris
4%
91 Fio
4%
87 Macallan
4%
74 Otan
4%
64 Vera Kane
4%
94 Bree
3%
51 Brell
3%
58 Costa
3%
97 Geoff Hardy
3%
66 Caspian
2%
71 Derrick
2%
92 Ryder
2%
80 Semet
2%
78 Shawn Gillmer
2%
75 Shay
2%
95 Cillian
1%
90 Keenan Mykulak
1%
40 Peri Gordon
1%
77 Cole McAdams
0%
Aucun quiz correspondant
Distribution des résultats
% des personnes avec chaque résultat
Percentile par nombre de réponses
Votre historique - résultats
Vous n’avez pas pris ce quiz